[Event "Kavala op 27th"]
[Site "Kavala"]
[Date "2018.08.09"]
[Round "7"]
[White "Grigoriadis, Alexandros"]
[Black "Schitco, Ivan"]
[Result "1/2-1/2"]
[WhiteElo "2211"]
[BlackElo "2377"]
[PlyCount "122"]
[EventDate "2018.08.05"]
[EventType "swiss"]
[EventRounds "9"]
[EventCountry "GRE"]
[SourceTitle "CBM 186 Extra"]
[Source "ChessBase"]
[SourceDate "2018.08.24"]
[SourceVersion "1"]
[SourceVersionDate "2018.08.24"]
[SourceQuality "1"]

1. d4 Nf6 2. Nf3 d5 3. Bg5 c5 4. e3 Nc6 5. c3 Qb6 6. Qb3 e6 7. Nbd2 h6 8. Bh4 g5 9. Bg3 Qxb3 10. axb3 Nh5 11. Be5 f6 12. Bc7 Kd7 13. Bb6 cxd4 14. exd4 Bd6 15. Bb5 a6 16. g3 Bc7 17. Bxc7 Kxc7 18. Bxc6 bxc6 19. 0-0 e5 20. dxe5 g4 21. Nh4 fxe5 22. b4 Re8 23. Nb3 Kb6 24. Ra5 Ra7 25. Nc5 Ng7 26. Re1 e4 27. Ng2 h5 28. Ne3 h4 29. gxh4 Rh8 30. Nb3 Nf5 31. Nxf5 Bxf5 32. Nd4 Bg6 33. Rc5 Rc7 34. Ra1 Bf7 35. Rca5 Ra7 36. Nb3 Be6 37. h5 Bc8 38. Nc5 Rxh5 39. Nxe4 Re7 40. Ng3 Rhe5 41. Kf1 Rh7 42. Kg2 Rhe7 43. Rd1 Re1 44. Raa1 Rxd1 45. Rxd1 a5 46. bxa5+ Kxa5 47. Rd4 c5 48. b4+ cxb4 49. cxb4+ Ka4 50. Nf1 Kb3 51. Ne3 Re5 52. Kg3 Bb7 53. Rxg4 Kc3 54. Rg7 Ba6 55. Ra7 Bc4 56. Nxc4 dxc4 57. f4 Rh5 58. Ra5 Rh8 59. Rc5 Kxb4 60. Rc7 Rg8+ 61. Kf3 Rh8 1/2-1/2

[Event "Nikaia op 25th"]
[Site "Nikaia"]
[Date "2017.09.01"]
[Round "7"]
[White "Grigoriadis, Alexandros"]
[Black "Kofidis, Andreas"]
[Result "1-0"]
[WhiteElo "2189"]
[BlackElo "2345"]
[PlyCount "121"]
[EventDate "2017.08.26"]
[EventType "swiss"]
[EventRounds "9"]
[EventCountry "GRE"]
[SourceTitle "CBM 180 Extra"]
[Source "ChessBase"]
[SourceDate "2017.10.06"]
[SourceVersion "1"]
[SourceVersionDate "2017.10.06"]
[SourceQuality "1"]

1. c4 e5 2. Nc3 Nc6 3. Nf3 Nf6 4. a3 g6 5. g3 Bg7 6. Bg2 0-0 7. d3 d6 8. 0-0 Bf5 9. Bg5 h6 10. Bxf6 Bxf6 11. Nd2 Bg7 12. Rb1 Qd7 13. b4 Bh3 14. Bxh3 Qxh3 15. b5 Ne7 16. Nd5 Qd7 17. Nxe7+ Qxe7 18. Qb3 Kh8 19. Rbc1 f5 20. Nb1 h5 21. Nc3 h4 22. Nd5 Qf7 23. gxh4 Bh6 24. Rb1 c6 25. bxc6 bxc6 26. Nc3 Rac8 27. Kh1 Rc7 28. Rg1 Qf6 29. Rg2 Qxh4 30. Qb4 Qf6 31. Rbg1 g5 32. e4 f4 33. f3 Rg8 34. Nd1 Qe7 35. Nf2 Rb7 36. Qa4 Qd7 37. Ng4 Rg6 38. Qa5 Bg7 39. Qc3 Re6 40. Rb2 Re8 41. Rxb7 Qxb7 42. Qc2 Rb8 43. Qg2 Kh7 44. c5 Kg8 45. cxd6 Qd7 46. d4 Qxd6 47. Nxe5 Rb7 48. Qxg5 Qxd4 49. Qf5 Qd8 50. Qe6+ Kh7 51. Qg6+ Kg8 52. Qxc6 Rb6 53. Qc4+ Kh7 54. Qf7 Qf6 55. Qh5+ Qh6 56. Qf5+ Kg8 57. Qf7+ Kh7 58. Nd7 Rb2 59. Rxg7+ Qxg7 60. Nf6+ Kh6 61. Qh5# 1-0

[Event "Nikaia op 25th"]
[Site "Nikaia"]
[Date "2017.08.26"]
[Round "1"]
[White "Grigoriadis, Alexandros"]
[Black "Panoutsopoulos, Pavlos"]
[Result "1-0"]
[WhiteElo "2189"]
[BlackElo "1757"]
[PlyCount "69"]
[EventDate "2017.08.26"]
[EventType "swiss"]
[EventRounds "9"]
[EventCountry "GRE"]
[SourceTitle "CBM 180 Extra"]
[Source "ChessBase"]
[SourceDate "2017.10.06"]
[SourceVersion "1"]
[SourceVersionDate "2017.10.06"]
[SourceQuality "1"]

1. c4 Nf6 2. Nc3 g6 3. e4 c5 4. Nf3 Nc6 5. d4 cxd4 6. Nxd4 d6 7. Be2 Bg7 8. Nb3 0-0 9. Be3 Bd7 10. f3 Ne5 11. Rc1 Bc6 12. 0-0 Re8 13. Qd2 Ned7 14. Nd4 a5 15. Rfd1 Nc5 16. b3 Nfd7 17. Bf1 Nf8 18. Nd5 Bxd5 19. cxd5 Nfd7 20. Bb5 Qb8 21. Rc2 Rc8 22. Rdc1 Qc7 23. a3 Qd8 24. b4 Bxd4 25. Qxd4 axb4 26. axb4 Na6 27. h3 Rxc2 28. Rxc2 Rc8 29. Rc3 Rc7 30. Bxa6 Rxc3 31. Qxc3 bxa6 32. Qc6 Ne5 33. Qxa6 Qc7 34. Qa1 Nc4 35. Qd4 1-0

[Event "Nikaia op 24th"]
[Site "Nikaia"]
[Date "2016.08.28"]
[Round "4"]
[White "Grigoriadis, Alexandros"]
[Black "Simeonidis, Ioannis"]
[Result "0-1"]
[WhiteElo "2154"]
[BlackElo "2226"]
[PlyCount "116"]
[EventDate "2016.08.25"]
[EventType "swiss"]
[EventRounds "9"]
[EventCountry "GRE"]
[SourceTitle "CBM 174 Extra"]
[Source "ChessBase"]
[SourceDate "2016.10.10"]
[SourceVersion "1"]
[SourceVersionDate "2016.10.10"]
[SourceQuality "1"]

1. Nf3 d5 2. d4 Nf6 3. c4 e6 4. g3 Bb4+ 5. Bd2 Bd6 6. Bg2 0-0 7. 0-0 Nbd7 8. c5 Be7 9. Nc3 c6 10. Qc2 b6 11. b4 Ba6 12. Rfe1 Qc8 13. Rac1 Re8 14. e4 dxe4 15. Nxe4 Nxe4 16. Rxe4 Nf6 17. Ree1 Nd5 18. cxb6 axb6 19. Ne5 Bb5 20. Nxc6 Bxc6 21. Qxc6 Qxc6 22. Rxc6 Rxa2 23. Bxd5 Rxd2 24. Rxb6 Bf6 25. Bc6 Bxd4 26. Rf1 Bxb6 27. Bxe8 Kf8 28. Bc6 g5 29. h3 h5 30. Bf3 h4 31. gxh4 gxh4 32. b5 f5 33. Bb7 Ke7 34. Kg2 Kf6 35. Ba8 Rb2 36. Bc6 e5 37. Be8 Kg5 38. Bd7 Kf4 39. Be8 e4 40. Bc6 Rd2 41. Be8 Ke5 42. Bh5 Rb2 43. Be8 f4 44. Bh5 Rb3 45. Re1 f3+ 46. Kg1 Rb2 47. Rf1 Rxb5 48. Bg4 Rb2 49. Bh5 Re2 50. Bg4 Bd4 51. Bh5 Kd5 52. Bg4 Kc5 53. Bc8 Kb4 54. Ba6 Ra2 55. Bb7 Re2 56. Ba6 Kc3 57. Bb7 Kd2 58. Bc6 Bxf2+ 0-1

[Event "Anogia op 5th"]
[Site "Anogia"]
[Date "2016.07.19"]
[Round "9"]
[White "Anagnostopoulos, Konstantinos"]
[Black "Grigoriadis, Alexandros"]
[Result "1/2-1/2"]
[WhiteElo "2250"]
[BlackElo "2154"]
[PlyCount "95"]
[EventDate "2016.07.12"]
[EventType "swiss"]
[EventRounds "9"]
[EventCountry "GRE"]
[SourceTitle "CBM 173 Extra"]
[Source "ChessBase"]
[SourceDate "2016.08.29"]
[SourceVersion "1"]
[SourceVersionDate "2016.08.29"]
[SourceQuality "1"]

1. d4 g6 2. Nf3 Bg7 3. c4 d6 4. Nc3 Bg4 5. e3 Nc6 6. Be2 Nf6 7. 0-0 0-0 8. h3 Bf5 9. d5 Nb8 10. Nd4 Bd7 11. e4 c5 12. Nf3 Na6 13. Bg5 Nc7 14. a4 Na6 15. Ne1 Nb4 16. f4 a6 17. Bh4 Ne8 18. Nf3 f6 19. Re1 b6 20. Bf1 Nc7 21. Rc1 Rb8 22. e5 b5 23. axb5 axb5 24. e6 Bc8 25. cxb5 Bb7 26. Bc4 f5 27. Ne5 dxe5 28. Bxe7 Qxe7 29. d6 Qxe6 30. Bxe6+ Nxe6 31. fxe5 Kh8 32. Na4 Be4 33. Nc3 Nd3 34. Nxe4 fxe4 35. Rxe4 Nxc1 36. Qxc1 Rxb5 37. Re1 Rb4 38. Qa1 h5 39. Qa2 c4 40. Re4 Rfb8 41. Rxc4 Rxb2 42. Rc8+ Rxc8 43. Qxb2 Rc5 44. Qb8+ Kh7 45. Qe8 Rxe5 46. d7 Bf6 47. Qf7+ Bg7 48. Qe7 1/2-1/2

[Event "Anogia op 5th"]
[Site "Anogia"]
[Date "2016.07.15"]
[Round "5"]
[White "Grigoriadis, Alexandros"]
[Black "Tzouvelekis, Ioannis"]
[Result "1-0"]
[WhiteElo "2154"]
[BlackElo "1939"]
[PlyCount "87"]
[EventDate "2016.07.12"]
[EventType "swiss"]
[EventRounds "9"]
[EventCountry "GRE"]
[SourceTitle "CBM 173 Extra"]
[Source "ChessBase"]
[SourceDate "2016.08.29"]
[SourceVersion "1"]
[SourceVersionDate "2016.08.29"]
[SourceQuality "1"]

1. c4 Nf6 2. Nf3 e6 3. g3 d5 4. b3 Be7 5. Bg2 0-0 6. 0-0 b6 7. Bb2 Bb7 8. d4 Na6 9. Nc3 c5 10. cxd5 Nxd5 11. Rc1 Nxc3 12. Bxc3 cxd4 13. Qxd4 Qxd4 14. Nxd4 Bxg2 15. Kxg2 Nb4 16. Bxb4 Bxb4 17. Nc6 a5 18. Rfd1 Bc5 19. Rd7 g6 20. a4 Kg7 21. Rcd1 Rac8 22. Ne5 Bb4 23. Rb7 Rc2 24. Kf3 Rc3+ 25. Rd3 Rxd3+ 26. exd3 Bc3 27. Nc4 Rd8 28. Ke2 Rd5 29. Rxb6 Rf5 30. Rb5 e5 31. g4 Rf6 32. Nxa5 h5 33. h3 hxg4 34. hxg4 Rf4 35. f3 f5 36. g5 Rh4 37. Nc6 Rh2+ 38. Kf1 Rd2 39. Nxe5 Rd1+ 40. Kf2 Bxe5 41. Rxe5 Rxd3 42. Re7+ Kf8 43. Rb7 f4 44. a5 1-0

[Event "Anogia op 5th"]
[Site "Anogia"]
[Date "2016.07.13"]
[Round "3"]
[White "Grigoriadis, Alexandros"]
[Black "Markidis, Konstantinos"]
[Result "1/2-1/2"]
[WhiteElo "2154"]
[BlackElo "2359"]
[PlyCount "32"]
[EventDate "2016.07.12"]
[EventType "swiss"]
[EventRounds "9"]
[EventCountry "GRE"]
[SourceTitle "CBM 173 Extra"]
[Source "ChessBase"]
[SourceDate "2016.08.29"]
[SourceVersion "1"]
[SourceVersionDate "2016.08.29"]
[SourceQuality "1"]

1. g3 d5 2. Bg2 Nf6 3. f4 g6 4. Nf3 Bg7 5. 0-0 0-0 6. b3 c5 7. Bb2 Nc6 8. Ne5 Nxe5 9. Bxe5 d4 10. Na3 Bh6 11. Bxf6 exf6 12. Nc4 Re8 13. a4 Bg4 14. Bf3 Bxf3 15. exf3 Qd7 16. Re1 Bf8 1/2-1/2

[Event "GRE CupT final 34th"]
[Site "Porto Rio"]
[Date "2016.07.04"]
[Round "3"]
[White "Gimnopoulos, Lazaros"]
[Black "Grigoriadis, Alexandros"]
[Result "0-1"]
[WhiteElo "2049"]
[BlackElo "2154"]
[PlyCount "54"]
[EventDate "2016.07.03"]
[EventType "team-k.o."]
[EventRounds "3"]
[EventCountry "GRE"]
[SourceTitle "CBM 173 Extra"]
[Source "ChessBase"]
[SourceDate "2016.08.29"]
[SourceVersion "1"]
[SourceVersionDate "2016.08.29"]
[SourceQuality "1"]
[WhiteTeam "Florinas"]
[BlackTeam "Eritrea Immediately"]
[WhiteTeamCountry "GRE"]
[BlackTeamCountry "GRE"]

1. d4 Nf6 2. Nf3 g6 3. g3 b5 4. Bg2 Bb7 5. 0-0 Bg7 6. b3 0-0 7. Bb2 d6 8. a4 b4 9. Nbd2 Nbd7 10. Nc4 c5 11. dxc5 Nxc5 12. Nd4 Bxg2 13. Kxg2 Qc7 14. e3 Rac8 15. Rc1 Nxa4 16. bxa4 Qxc4 17. c3 b3 18. Ra1 Ne4 19. Qxb3 Qxb3 20. Nxb3 Rb8 21. Ra3 Rfc8 22. Ba1 Bxc3 23. Nd4 Bxd4 24. Bxd4 e5 25. Ba1 Rc2 26. Rd3 Rb4 27. Kh3 Rxf2 0-1

[Event "Nikaia op 23rd"]
[Site "Nikaia"]
[Date "2015.09.03"]
[Round "8"]
[White "Drakoulakos, Grigorios"]
[Black "Grigoriadis, Alexandros"]
[Result "1/2-1/2"]
[WhiteElo "2233"]
[BlackElo "2153"]
[PlyCount "116"]
[EventDate "2015.08.26"]
[EventType "swiss"]
[EventRounds "9"]
[EventCountry "GRE"]
[SourceTitle "EXT 2016"]
[Source "ChessBase"]
[SourceDate "2015.10.08"]
[SourceVersion "1"]
[SourceVersionDate "2015.10.08"]
[SourceQuality "1"]

1. e4 c5 2. Nf3 d6 3. Bb5+ Bd7 4. Bxd7+ Qxd7 5. 0-0 Nc6 6. c3 Nf6 7. Qe2 e6 8. d4 cxd4 9. cxd4 Be7 10. Nc3 0-0 11. h3 d5 12. e5 Ne8 13. Be3 f5 14. exf6 Bxf6 15. Rad1 Nd6 16. Bg5 Nf5 17. Bxf6 gxf6 18. Rfe1 Rae8 19. Qd2 Nce7 20. Ne2 Ng6 21. Nf4 Nxf4 22. Qxf4 Qd6 23. Qd2 Qa6 24. b3 Nd6 25. Rc1 Ne4 26. Qe2 Qxe2 27. Rxe2 Rc8 28. Rec2 Rxc2 29. Rxc2 Nd6 30. Kf1 Rc8 31. Rxc8+ Nxc8 32. Ke2 Kf7 33. Ke3 Nd6 34. g4 Ne4 35. Ne1 Ke7 36. Nd3 b6 37. h4 h6 38. f3 Nd6 39. Nb4 a5 40. Nd3 Nf7 41. Nb2 Kd6 42. Na4 Kc6 43. Nc3 b5 44. f4 Nd6 45. Ne2 Ne4 46. Ng1 Kd6 47. Nf3 Ke7 48. g5 Kf7 49. gxh6 Nd6 50. h5 Nf5+ 51. Kd3 Kg8 52. Nd2 b4 53. Nf1 Kh7 54. Ne3 Nxe3 55. Kxe3 Kxh6 56. f5 e5 57. dxe5 fxe5 58. f6 Kh7 1/2-1/2

[Event "Nikaia op 23rd"]
[Site "Nikaia"]
[Date "2015.08.27"]
[Round "1"]
[White "Pessiridis, Isaak"]
[Black "Grigoriadis, Alexandros"]
[Result "0-1"]
[WhiteElo "1763"]
[BlackElo "2153"]
[PlyCount "100"]
[EventDate "2015.08.26"]
[EventType "swiss"]
[EventRounds "9"]
[EventCountry "GRE"]
[SourceTitle "EXT 2016"]
[Source "ChessBase"]
[SourceDate "2015.10.08"]
[SourceVersion "1"]
[SourceVersionDate "2015.10.08"]
[SourceQuality "1"]

1. e4 c5 2. Nf3 e6 3. d4 cxd4 4. Nxd4 Nf6 5. Nc3 d6 6. Be2 Be7 7. 0-0 0-0 8. Be3 Nc6 9. f4 Bd7 10. Kh1 Nxd4 11. Qxd4 Bc6 12. Rad1 Qc7 13. f5 e5 14. Qd3 Rfd8 15. Nd5 Bxd5 16. exd5 e4 17. Qd2 Re8 18. Bd4 Nd7 19. Bb5 a6 20. Bxd7 Qxd7 21. Qf4 Qd8 22. Qxe4 Bf6 23. Qg4 Rc8 24. c3 Qe7 25. Qg3 Bxd4 26. Rxd4 Qf6 27. Qf4 Re2 28. Rd2 Rce8 29. Rxe2 Rxe2 30. Qc4 Re8 31. h3 h5 32. a4 Kh7 33. Qc7 Re7 34. Qb6 Qe5 35. c4 Qg3 36. Qf2 Qxf2 37. Rxf2 Re4 38. b3 Kh6 39. Kh2 Kg5 40. g3 a5 41. Kg2 Kf6 42. Rf3 Ke5 43. Kf2 b6 44. Kg2 f6 45. Kf2 Kd4 46. h4 Re5 47. Rf4+ Kc3 48. Rf3+ Kd2 49. Kf1 Re3 50. Rf2+ Kc3 0-1

[Event "Anogia op 4th"]
[Site "Anogia"]
[Date "2015.07.15"]
[Round "8"]
[White "Hristodoulaki, Antonia"]
[Black "Grigoriadis, Alexandros"]
[Result "1/2-1/2"]
[WhiteElo "1987"]
[BlackElo "2166"]
[PlyCount "101"]
[EventDate "2015.07.09"]
[EventType "swiss"]
[EventRounds "9"]
[EventCountry "GRE"]
[SourceTitle "CBM 167 Extra"]
[Source "ChessBase"]
[SourceDate "2015.09.14"]
[SourceVersion "1"]
[SourceVersionDate "2015.09.14"]
[SourceQuality "1"]

1. e4 Nf6 2. e5 Nd5 3. c4 Nb6 4. d4 d6 5. exd6 cxd6 6. Nf3 g6 7. b3 Bg7 8. Bb2 0-0 9. Be2 Nc6 10. Qd2 Bg4 11. 0-0 e5 12. d5 Ne7 13. Nc3 Nf5 14. h3 Bxf3 15. Bxf3 Nd4 16. Bd1 a5 17. Ne4 f5 18. Ng5 Bh6 19. f4 Bxg5 20. fxg5 Nd7 21. h4 Qb6 22. Kh2 f4 23. Bxd4 Qxd4 24. Qxd4 exd4 25. Bg4 Nc5 26. Rad1 d3 27. Be6+ Kg7 28. Rf3 Rae8 29. Kh3 a4 30. b4 Nxe6 31. dxe6 Rxe6 32. Rdxd3 Re4 33. Rxd6 Rxc4 34. a3 Rf7 35. Rd5 Rc1 36. Rd4 Rh1+ 37. Kg4 Rg1 38. Kh3 Rh1+ 39. Kg4 Rg1 40. Rd2 Ra1 41. Rdf2 h5+ 42. gxh6+ Kxh6 43. Rf1 Ra2 44. g3 Rf5 45. gxf4 Rd5 46. Rg3 Rd4 47. Rff3 Rc4 48. Kh3 Ra1 49. Kg4 Ra2 50. Kh3 Ra1 51. Kg4 1/2-1/2

[Event "Anogia op 4th"]
[Site "Anogia"]
[Date "2015.07.11"]
[Round "4"]
[White "Grigoriadis, Alexandros"]
[Black "Kazanakis, Efstathios"]
[Result "1/2-1/2"]
[WhiteElo "2166"]
[BlackElo "1984"]
[PlyCount "103"]
[EventDate "2015.07.09"]
[EventType "swiss"]
[EventRounds "9"]
[EventCountry "GRE"]
[SourceTitle "CBM 167 Extra"]
[Source "ChessBase"]
[SourceDate "2015.09.14"]
[SourceVersion "1"]
[SourceVersionDate "2015.09.14"]
[SourceQuality "1"]

1. c4 e5 2. Nc3 d6 3. Nf3 f5 4. d4 e4 5. Ng1 Be7 6. e3 Nf6 7. Nge2 0-0 8. h4 Ng4 9. g3 Nd7 10. Nf4 Ndf6 11. Ncd5 c6 12. Nxf6+ Nxf6 13. Be2 d5 14. Qb3 Kh8 15. a4 dxc4 16. Bxc4 Bd6 17. Ne6 Bxe6 18. Bxe6 Qc7 19. Qc2 Nd5 20. Bxd5 cxd5 21. Qxc7 Bxc7 22. Bd2 Bd6 23. Ke2 Rac8 24. Rac1 Kg8 25. h5 Kf7 26. f4 exf3+ 27. Kxf3 Ke6 28. Rhg1 Rxc1 29. Rxc1 Kd7 30. Rg1 Rf6 31. Rh1 Bf8 32. Rh3 Ra6 33. a5 Rf6 34. Rh1 Bd6 35. Rg1 Ke6 36. Rc1 Rf8 37. Rc2 Kd7 38. Be1 Rc8 39. Rxc8 Kxc8 40. g4 g6 41. gxf5 gxf5 42. Bg3 Bf8 43. Kf4 Bd6+ 44. Kf3 Bf8 45. Be5 Kd7 46. Kf4 Bh6+ 47. Kxf5 Bxe3 48. Kf6 Bd2 49. a6 bxa6 50. Kg7 Ke7 51. Kxh7 Kf7 52. h6 1/2-1/2

[Event "Anogia op 4th"]
[Site "Anogia"]
[Date "2015.07.10"]
[Round "2"]
[White "Tsekmes, Dimitrios"]
[Black "Grigoriadis, Alexandros"]
[Result "0-1"]
[WhiteElo "1979"]
[BlackElo "2166"]
[PlyCount "52"]
[EventDate "2015.07.09"]
[EventType "swiss"]
[EventRounds "9"]
[EventCountry "GRE"]
[SourceTitle "CBM 167 Extra"]
[Source "ChessBase"]
[SourceDate "2015.09.14"]
[SourceVersion "1"]
[SourceVersionDate "2015.09.14"]
[SourceQuality "1"]

1. e4 c5 2. Nf3 e6 3. c3 d5 4. exd5 Qxd5 5. d4 Nf6 6. Be3 cxd4 7. cxd4 Be7 8. Nc3 Qd8 9. Bd3 0-0 10. 0-0 Nc6 11. a3 b6 12. Qe2 Bb7 13. Rad1 Rc8 14. Rfe1 Na5 15. Nb1 Qd5 16. Nbd2 Rfd8 17. b4 Nc6 18. Nc4 Qh5 19. Nce5 Bd6 20. Bf4 Nd5 21. Bd2 Nf6 22. Qe3 Nxd4 23. Nxd4 Bxe5 24. Qxe5 Qxe5 25. Rxe5 Rxd4 26. Bf1 Rcd8 0-1

[Event "Nikaia Fysiolatriko op A"]
[Site "Nikaia"]
[Date "2015.06.22"]
[Round "7"]
[White "Grigoriadis, Alexandros"]
[Black "Grigoriadis, Mihail"]
[Result "1-0"]
[WhiteElo "2163"]
[BlackElo "2049"]
[PlyCount "49"]
[EventDate "2015.06.16"]
[EventType "swiss"]
[EventRounds "9"]
[EventCountry "GRE"]
[SourceTitle "EXT 2024"]
[Source "ChessBase"]
[SourceDate "2023.10.10"]
[SourceVersion "1"]
[SourceVersionDate "2023.10.10"]
[SourceQuality "1"]

1. c4 c5 2. g3 Nf6 3. Bg2 d5 4. cxd5 Nxd5 5. b3 Nc6 6. Bb2 e5 7. Nc3 Nc7 8. Nf3 Be7 9. 0-0 Bd7 10. Rc1 f6 11. Ne1 0-0 12. Nd3 Bf5 13. Ne4 b6 14. Nexc5 bxc5 15. Bxc6 Rc8 16. Nxc5 Ne8 17. Na4 Rxc6 18. Rxc6 Bh3 19. Qc2 Kh8 20. Rc1 f5 21. f3 Bd6 22. Rxd6 Nxd6 23. Bxe5 Qe8 24. Qc3 Rg8 25. Bxd6 1-0

[Event "Nikaia Fysiolatriko op A"]
[Site "Nikaia"]
[Date "2015.06.21"]
[Round "6"]
[White "Kordis, Konstantinos"]
[Black "Grigoriadis, Alexandros"]
[Result "1-0"]
[WhiteElo "2180"]
[BlackElo "2163"]
[PlyCount "35"]
[EventDate "2015.06.16"]
[EventType "swiss"]
[EventRounds "9"]
[EventCountry "GRE"]
[SourceTitle "EXT 2024"]
[Source "ChessBase"]
[SourceDate "2023.10.10"]
[SourceVersion "1"]
[SourceVersionDate "2023.10.10"]
[SourceQuality "1"]

1. e4 c5 2. Nf3 e6 3. d4 cxd4 4. Nxd4 Nf6 5. Nc3 d6 6. g4 h6 7. h4 Nc6 8. Rg1 g6 9. g5 hxg5 10. Bxg5 Be7 11. Ndb5 a6 12. Nxd6+ Bxd6 13. Bxf6 Qxf6 14. Qxd6 Rxh4 15. Nd5 Rxe4+ 16. Be2 exd5 17. Qxf6 Nd4 18. Rh1 1-0

[Event "Nikaia Fysiolatriko op A"]
[Site "Nikaia"]
[Date "2015.06.19"]
[Round "3"]
[White "Grigoriadis, Alexandros"]
[Black "Lemoni, Maria Ioanna"]
[Result "1-0"]
[WhiteElo "2163"]
[BlackElo "1502"]
[PlyCount "57"]
[EventDate "2015.06.16"]
[EventType "swiss"]
[EventRounds "9"]
[EventCountry "GRE"]
[SourceTitle "EXT 2024"]
[Source "ChessBase"]
[SourceDate "2023.10.10"]
[SourceVersion "1"]
[SourceVersionDate "2023.10.10"]
[SourceQuality "1"]

1. Nf3 Nf6 2. b4 e6 3. a3 c5 4. bxc5 Bxc5 5. e3 d5 6. Be2 0-0 7. 0-0 Nc6 8. d4 Bd6 9. c4 dxc4 10. Bxc4 Qc7 11. Nbd2 e5 12. h3 exd4 13. exd4 Bf5 14. Bb2 Rfe8 15. Nh4 Bd7 16. Rc1 Rac8 17. Bxf7+ Kxf7 18. d5 Be5 19. dxc6 Bxc6 20. Bxe5 Qxe5 21. Nc4 Qg5 22. Nd6+ Kg8 23. Nxc8 Qxh4 24. Nxa7 Bd7 25. Re1 Ra8 26. Qb3+ Kh8 27. Qxb7 Rf8 28. Qb4 Qxb4 29. axb4 1-0

[Event "Attica CupT final"]
[Site "Athens"]
[Date "2015.05.24"]
[Round "6.1"]
[White "Halkias, Stelios"]
[Black "Grigoriadis, Alexandros"]
[Result "1-0"]
[WhiteElo "2530"]
[BlackElo "2153"]
[PlyCount "49"]
[EventDate "2015.05.23"]
[EventType "team-k.o."]
[EventRounds "2"]
[EventCountry "GRE"]
[SourceTitle "EXT 2024"]
[Source "ChessBase"]
[SourceDate "2023.10.10"]
[SourceVersion "1"]
[SourceVersionDate "2023.10.10"]
[SourceQuality "1"]

1. e4 c5 2. Nf3 e6 3. d4 cxd4 4. Nxd4 Nf6 5. Nc3 d6 6. Be2 Nc6 7. Be3 Be7 8. 0-0 0-0 9. f4 Bd7 10. Kh1 Nxd4 11. Bxd4 Bc6 12. Qd3 Qc7 13. Qg3 b5 14. Nxb5 Bxb5 15. Bxb5 g6 16. Qf3 e5 17. fxe5 dxe5 18. Bc3 Nh5 19. Ba4 Rab8 20. Rad1 Rbd8 21. Rxd8 Bxd8 22. Bb3 Qe7 23. a3 Bb6 24. Bb4 Bc5 25. Qxf7+ 1-0

[Event "Athens Erythraias op 1st"]
[Site "Athens"]
[Date "2014.12.02"]
[Round "5"]
[White "Grigoriadis, Alexandros"]
[Black "Alexiadis, Hristos"]
[Result "0-1"]
[WhiteElo "2182"]
[BlackElo "2001"]
[PlyCount "88"]
[EventDate "2014.11.04"]
[EventType "swiss"]
[EventRounds "7"]
[EventCountry "GRE"]
[SourceTitle "EXT 2024"]
[Source "ChessBase"]
[SourceDate "2023.10.10"]
[SourceVersion "1"]
[SourceVersionDate "2023.10.10"]
[SourceQuality "1"]

1. d4 Nf6 2. Nf3 e6 3. g3 b5 4. a4 b4 5. Bg2 Bb7 6. 0-0 c5 7. c4 bxc3 8. bxc3 cxd4 9. cxd4 Na6 10. Ba3 Bb4 11. Ne5 Bxg2 12. Kxg2 0-0 13. Nd3 Qb6 14. Bxb4 Nxb4 15. Nxb4 Qxb4 16. Qd2 Qb7+ 17. f3 Rfc8 18. Na3 Nd5 19. Nb5 Rc2 20. Qd3 a6 21. Kh3 Qc6 22. Rfb1 f5 23. Rb3 Rf8 24. Nd6 Rc1 25. Rxc1 Qxc1 26. Kg2 f4 27. Rb1 Qc6 28. Ne4 Qxa4 29. Nc5 Qc6 30. Qxa6 Ne3+ 31. Kf2 Qd5 32. Qd3 Qh5 33. gxf4 Nd5 34. Nxd7 Rd8 35. Rb8 Qxh2+ 36. Kf1 Rxb8 37. Nxb8 Nxf4 38. Qe4 Qh1+ 39. Kf2 Nh3+ 40. Kg3 Ng5 41. Qe5 Qg1+ 42. Kf4 h6 43. Nd7 Nh3+ 44. Ke4 Nf2+ 0-1

[Event "Athens Erythraias op 1st"]
[Site "Athens"]
[Date "2014.11.11"]
[Round "2"]
[White "Hrisanthopoulos, Dimitrios"]
[Black "Grigoriadis, Alexandros"]
[Result "1-0"]
[WhiteElo "2004"]
[BlackElo "2182"]
[PlyCount "53"]
[EventDate "2014.11.04"]
[EventType "swiss"]
[EventRounds "7"]
[EventCountry "GRE"]
[SourceTitle "EXT 2024"]
[Source "ChessBase"]
[SourceDate "2023.10.10"]
[SourceVersion "1"]
[SourceVersionDate "2023.10.10"]
[SourceQuality "1"]

1. e4 c5 2. Nf3 e6 3. b3 a6 4. Bb2 Nc6 5. c4 Nge7 6. d4 cxd4 7. Nxd4 Nxd4 8. Qxd4 Nc6 9. Qd2 Bb4 10. Nc3 0-0 11. Be2 Be7 12. 0-0 d6 13. Rad1 Qc7 14. Qe3 Rb8 15. Qg3 f6 16. Kh1 Bd7 17. f4 Na7 18. f5 b5 19. fxe6 Bxe6 20. Bg4 Bf7 21. Nd5 Bxd5 22. exd5 bxc4 23. Be6+ Kh8 24. Rc1 Qa5 25. Rxc4 g6 26. Rh4 Kg7 27. Qe3 1-0

[Event "GRE-chT 42nd"]
[Site "Porto Rio"]
[Date "2014.06.29"]
[Round "3.4"]
[White "Mitigas, Spyridon"]
[Black "Grigoriadis, Alexandros"]
[Result "1-0"]
[WhiteElo "2154"]
[BlackElo "2243"]
[PlyCount "103"]
[EventDate "2014.06.28"]
[EventType "team-swiss"]
[EventRounds "7"]
[EventCountry "GRE"]
[SourceTitle "CBM 161 Extra"]
[Source "ChessBase"]
[SourceDate "2014.08.29"]
[SourceVersion "1"]
[SourceVersionDate "2014.08.29"]
[SourceQuality "1"]
[WhiteTeam "Mapou Thunder"]
[BlackTeam "AEK"]
[WhiteTeamCountry "GRE"]
[BlackTeamCountry "GRE"]

1. d4 g6 2. c4 Bg7 3. Nc3 d6 4. e4 Nc6 5. Be3 e5 6. dxe5 Nxe5 7. h3 Ne7 8. Be2 0-0 9. Nf3 Nxf3+ 10. Bxf3 Be6 11. c5 Nc6 12. cxd6 cxd6 13. 0-0 Rc8 14. Qd2 Qa5 15. Rfd1 Rfd8 16. Rab1 b5 17. Bg5 Rd7 18. Nd5 Qxd2 19. Rxd2 Bxd5 20. Rxd5 Nd4 21. Bg4 f5 22. exf5 gxf5 23. Bxf5 Nxf5 24. Rxf5 Rc5 25. Rxc5 dxc5 26. b3 Kf7 27. Be3 Rc7 28. Kf1 Ke6 29. Ke2 a5 30. Kd3 Kd5 31. Rd1 c4+ 32. bxc4+ Rxc4 33. Rc1 a4 34. Rxc4 bxc4+ 35. Kc2 Ke4 36. Kd2 Bf6 37. Kc2 Bg7 38. Kd2 Bf6 39. f3+ Kd5 40. Kc2 Bg7 41. h4 Bf6 42. Bg5 Bd4 43. Bd2 Ke6 44. g4 h5 45. Bc3 Bf2 46. gxh5 Kf5 47. Bg7 Be1 48. h6 Kg6 49. h5+ Kh7 50. f4 Ba5 51. f5 Kg8 52. Bc3 1-0